000 02173nam0a2200373 i 4500
001 RU\NLR\bibl\1966688
005 20260406020938.0
010 _a9785894488974
_9150
021 _aRU
_b2012-81309
_96025
035 _a(nilc)RSL-KNO-005515908
035 _a(NLR Aleph) 001955598
090 _a3755011
_c3755011
100 _a20121029d2011 u y0rusy50 ca
101 0 _arus
102 _aRU
105 _ay |||||||||
200 1 _aМатематическое моделирование объектов управления в химической промышленности
_e(теория и практика)
_eучебное пособие
_fВ. К. Битюков, С.Г. Тихомиров, С.В. Подкопаева [и др.
_gнауч. ред. В. К. Битюков]
_gМ-во образования и науки РФ, ФГБОУ ВПО Воронежский гос. ун-т инженерных технологий
210 _aВоронеж
_cВГУИТ
_d2011
215 _a195 с.
_cил., табл.
_d21
320 _aБиблиогр.: с. 193-194
606 _aХимико-технологические процессы
_jУчебные издания для высших учебных заведений
_xМатематическое моделирование
_92103266
_3RU\NLR\auth\661271796
606 _aХимико-технологические процессы
_jУчебные издания для высших учебных заведений
_xАСУ
_xМатематическое моделирование
_92272692
_3RU\NLR\auth\661362090
686 _aЛ11-1с116я73-1
_2rubbk
686 _aЛ11-5-05я73-1
701 1 _aБитюков
_bВ. К.
_gВиталий Ксенофонтович
_4070
701 1 _4070
_8rus
_7ca
_aТихомиров
_bС. Г.
_cд-р техн. наук
_gСергей Германович
_3RU\NLR\auth\77122438
_9105363
701 1 _aПодкопаева
_bС. В.
_gСветлана Викторовна
_4070
801 0 _aRU
_bRuMoRKP
_c20121029
_grcr
801 1 _aRU
_bРГБ
_c20121029
801 2 _aRU
_bNLR
_c20121114
_grcr
830 _aпо кн
942 _cBOOK
980 _aNBR